[Event "Titled Tuesday intern op 1st Oct"]
[Site "Chess.com INT"]
[Date "2019.10.01"]
[Round "3"]
[White "Poeta, Caio Medeiros"]
[Black "Ross, Samantha"]
[Result "1-0"]
[WhiteElo "2088"]
[BlackElo "2052"]
[PlyCount "63"]
[EventDate "2019.10.01"]
[EventType "swiss (blitz)"]
[EventRounds "10"]
[EventCountry "USA"]
[SourceTitle "EXT 2021"]
[Source "ChessBase"]
[SourceDate "2020.10.23"]
[SourceVersion "1"]
[SourceVersionDate "2020.10.23"]
[SourceQuality "1"]

1. d4 d6 2. e4 Nf6 3. Nc3 e5 4. d5 g6 5. f3 Bg7 6. Be3 0-0 7. g4 a6 8. h4 h5 9. gxh5 Nxh5 10. Qe2 b5 11. Qd2 b4 12. Na4 a5 13. Bb5 Ba6 14. Bxa6 Nxa6 15. 0-0-0 Qd7 16. b3 Nf4 17. Ne2 Qb5 18. Nxf4 exf4 19. Bxf4 Nc5 20. Nxc5 Qxc5 21. Be3 Qb5 22. h5 a4 23. hxg6 axb3 24. Qh2 b2+ 25. Kb1 fxg6 26. Qh7+ Kf7 27. Rdg1 Rg8 28. Qxg6+ Kf8 29. Qf5+ Ke8 30. Qe6+ Kd8 31. Qxg8+ Kd7 32. Rxg7# 1-0

[Event "Titled Tuesday intern op 6th Aug"]
[Site "Chess.com INT"]
[Date "2019.08.06"]
[Round "6"]
[White "Dragun, Kamil"]
[Black "Ross, Samantha"]
[Result "1-0"]
[WhiteElo "2614"]
[BlackElo "2097"]
[PlyCount "52"]
[EventDate "2019.08.06"]
[EventType "swiss (blitz)"]
[EventRounds "10"]
[EventCountry "USA"]
[SourceTitle "EXT 2021"]
[Source "ChessBase"]
[SourceDate "2020.10.23"]
[SourceVersion "1"]
[SourceVersionDate "2020.10.23"]
[SourceQuality "1"]

1. c4 c5 2. Nc3 b6 3. Nf3 Bb7 4. d4 cxd4 5. Nxd4 Nf6 6. f3 d6 7. e4 a6 8. Be3 e6 9. Be2 Be7 10. 0-0 Qc7 11. Qd2 Nbd7 12. Rfc1 0-0 13. a4 Rfe8 14. a5 bxa5 15. Nb3 Rab8 16. Nxa5 Ba8 17. b4 Rxb4 18. Nb5 axb5 19. cxb5 Nc5 20. Qxb4 Rb8 21. Nc4 Bc6 22. b6 Qd7 23. Bxc5 dxc5 24. Qc3 Nxe4 25. fxe4 Bxe4 26. Qe5 Rxb6 1-0

[Event "Titled Tuesday intern op 6th Aug"]
[Site "Chess.com INT"]
[Date "2019.08.06"]
[Round "7"]
[White "Ross, Samantha"]
[Black "King, Alexander B"]
[Result "0-1"]
[WhiteElo "2096"]
[BlackElo "2285"]
[PlyCount "30"]
[EventDate "2019.08.06"]
[EventType "swiss (blitz)"]
[EventRounds "10"]
[EventCountry "USA"]
[SourceTitle "EXT 2021"]
[Source "ChessBase"]
[SourceDate "2020.10.23"]
[SourceVersion "1"]
[SourceVersionDate "2020.10.23"]
[SourceQuality "1"]

1. c4 e6 2. Nf3 d5 3. e3 Nf6 4. b3 c5 5. Bb2 Nc6 6. cxd5 exd5 7. d4 cxd4 8. Nxd4 Bb4+ 9. Nc3 Qa5 10. Qd3 Ne4 11. Nde2 Bf5 12. g4 Nxc3 13. Qxf5 Ne4+ 14. Kd1 Ba3 15. Bxg7 Qd2# 0-1

[Event "Titled Tuesday intern op 2nd July"]
[Site "Chess.com INT"]
[Date "2019.07.02"]
[Round "3"]
[White "Nagy, Gabor"]
[Black "Ross, Samantha"]
[Result "1-0"]
[WhiteElo "2474"]
[BlackElo "2011"]
[PlyCount "45"]
[EventDate "2019.07.02"]
[EventType "swiss (blitz)"]
[EventRounds "10"]
[EventCountry "USA"]
[SourceTitle "EXT 2021"]
[Source "ChessBase"]
[SourceDate "2020.10.23"]
[SourceVersion "1"]
[SourceVersionDate "2020.10.23"]
[SourceQuality "1"]

1. c4 c5 2. Nc3 b6 3. Nf3 Bb7 4. e4 d6 5. d4 cxd4 6. Nxd4 Nf6 7. Qe2 Nbd7 8. g3 a6 9. Bg2 Qc7 10. 0-0 e6 11. b3 Be7 12. Bb2 0-0 13. Rac1 Rac8 14. Rfd1 Rfe8 15. h3 Qb8 16. f4 Qa8 17. e5 dxe5 18. Bxb7 Qxb7 19. fxe5 Bc5 20. Kh2 Nxe5 21. Qxe5 Nd7 22. Qe4 f5 23. Qxb7 1-0

[Event "Titled Tuesday intern op 2nd July"]
[Site "Chess.com INT"]
[Date "2019.07.02"]
[Round "4"]
[White "Ross, Samantha"]
[Black "Biliy, Vadim"]
[Result "1-0"]
[WhiteElo "2023"]
[BlackElo "2331"]
[PlyCount "97"]
[EventDate "2019.07.02"]
[EventType "swiss (blitz)"]
[EventRounds "10"]
[EventCountry "USA"]
[SourceTitle "EXT 2021"]
[Source "ChessBase"]
[SourceDate "2020.10.23"]
[SourceVersion "1"]
[SourceVersionDate "2020.10.23"]
[SourceQuality "1"]

1. c4 Nf6 2. Nf3 e6 3. b3 d5 4. Bb2 Be7 5. e3 0-0 6. Be2 c5 7. cxd5 Nxd5 8. 0-0 Nc6 9. a3 b6 10. d3 Bb7 11. Nbd2 Bf6 12. Qc2 Bxb2 13. Qxb2 Qf6 14. Qxf6 gxf6 15. Rfc1 Rfd8 16. g3 Nde7 17. Rab1 Ne5 18. Nxe5 fxe5 19. b4 cxb4 20. Rc7 Ba6 21. Rxe7 Bxd3 22. Bxd3 Rxd3 23. Nc4 Kf8 24. Rxf7+ Kxf7 25. Nxe5+ Kf6 26. Nxd3 bxa3 27. Ra1 a5 28. Rxa3 Rc8 29. Rb3 Rc6 30. f4 Kf5 31. Nf2 a4 32. Rb4 a3 33. g4+ Kg6 34. Rb1 Kf7 35. Ra1 Rc3 36. Nd1 Rb3 37. Kf1 b5 38. Ke2 b4 39. Kd2 e5 40. Kc2 Rxe3 41. Nxe3 exf4 42. Nd5 f3 43. Nxb4 f2 44. Rf1 Kg6 45. Rxf2 Kg5 46. Rf7 h6 47. Rh7 Kxg4 48. Rxh6 Kg5 49. Ra6 1-0

[Event "Titled Tuesday intern op 2nd July"]
[Site "Chess.com INT"]
[Date "2019.07.02"]
[Round "1"]
[White "Ross, Samantha"]
[Black "Dobrikov, Marco"]
[Result "1/2-1/2"]
[WhiteElo "2016"]
[BlackElo "2269"]
[PlyCount "130"]
[EventDate "2019.07.02"]
[EventType "swiss (blitz)"]
[EventRounds "10"]
[EventCountry "USA"]
[SourceTitle "EXT 2021"]
[Source "ChessBase"]
[SourceDate "2020.10.23"]
[SourceVersion "1"]
[SourceVersionDate "2020.10.23"]
[SourceQuality "1"]

1. e4 c5 2. Nf3 d6 3. d4 cxd4 4. Nxd4 Nf6 5. Nc3 a6 6. Be3 e5 7. Nb3 Be6 8. Nd5 Nbd7 9. Bg5 Bxd5 10. exd5 Be7 11. c4 0-0 12. Bxf6 Bxf6 13. Be2 Be7 14. 0-0 f5 15. f4 e4 16. Kh1 Bf6 17. Nd4 Bxd4 18. Qxd4 Qb6 19. Qxb6 Nxb6 20. b3 Nd7 21. g4 g6 22. Rg1 Kf7 23. gxf5 gxf5 24. Rg5 Kf6 25. Rag1 Rae8 26. Rh5 Rg8 27. Rxh7 Rxg1+ 28. Kxg1 Re7 29. Rh6+ Kg7 30. Rxd6 Nc5 31. Bh5 Nd3 32. Bg6 e3 33. Bh5 Nxf4 34. Bf3 e2 35. Bxe2 Nxe2+ 36. Kf2 Nc3 37. Rb6 Nxa2 38. c5 Nc3 39. c6 bxc6 40. dxc6 Rc7 41. Rb7 Nd5 42. Kf3 Kf6 43. Rxc7 Nxc7 44. h4 Ke5 45. h5 Ne6 46. h6 Kd6 47. Ke3 Nf8 48. Kf4 Kxc6 49. Kxf5 Kd7 50. Kf6 Ke8 51. Ke5 Ke7 52. Kd5 Kd7 53. Kc5 Kc7 54. b4 Kb7 55. b5 a5 56. b6 a4 57. Kb4 Kxb6 58. Kxa4 Kc5 59. Kb3 Kd6 60. Kc3 Kc5 61. Kd3 Kd6 62. Ke4 Ke6 63. Kf4 Kf6 64. h7 Kg7 65. h8Q+ Kxh8 1/2-1/2